| 000 | 00690nas a2200241 4500 | ||
|---|---|---|---|
| 001 | BR8501427 | ||
| 003 | BR-BrBNA | ||
| 005 | 20231205090140.0 | ||
| 007 | ta | ||
| 008 | 230509b bl.|||p| |||| 00| 00por d | ||
| 040 |
_aBR-BrBNA _bpor _cBiblioteca Nacional de Agricultura |
||
| 041 | _a(Pt) | ||
| 072 | _aL10 | ||
| 100 | 1 | _aGuedes, V.G.F. | |
| 100 | 1 | _aSilva, G.A. | |
| 245 | 1 | _aAlternativa dos cruzamentos na pecuaria leiteira | |
| 650 | _aPECUARIA LEITEIRA | ||
| 650 | _aCRUZAMENTO ANIMAL | ||
| 650 | _aRECRIA | ||
| 773 | 0 |
_tBalde Branco (Brazil) _xISSN 0005-4275 _g(Jan 1985), v. 18(243) p. 17-20 _wBR8501427 |
|
| 909 |
_a202311 _bLúcia _c55 _dLúcia Elande |
||
| 942 |
_2AGRIS _n0 _cANA |
||
| 999 |
_c116423 _d116423 |
||